000 00275nam a2200121Ia 4500
100 _aJOSHI VASANT/S
942 _cBK
366 _f50
245 _aTRIVEDRUMCHI MARTHI HASTALIKHITE
260 _bRAJYA MARATHI VIKAS SANSTHA
_aMumbai
_c1996
300 _a41
546 _aMARATHI
999 _c20261
_d20261